000 01111nam a22003017a 4500
003 DO-SdBPM
005 20260216100049.0
007 ta
008 211125b2021 dr ||||| |||| 00| 0 spa d
020 _a9789945610482
040 _aDO-SdBPM
_bspa
_cBPMSU
_drda
082 4 _a343.729303
_bB716d 2021
_222
100 1 _aBonnelly, Manuel Ulises
_eautor
_4aut.
245 1 0 _aUna aproximación al derecho penal económico dominicano :
_bparte general /
_cManuel Ulises Bonnelly ; prólógo Ricardo Rojas León
260 _c
264 _aSanto Domingo :
_bTribunal Constitucional de la República Dominicana ;
_c2021
300 _a196 páginas ;
_c24 cm.
336 _atexto
_btxt
_2rdacontent
337 _asin mediación
_bn
_2rdamedia
338 _avolumen
_bnc
_2rdacarrier
500 _aIncluye datos biográficos del autor en las solapas
504 _aBibliografía : páginas 191-196
590 _aInventariado, 2026 / BPMSU
650 7 _aDerecho financiero
_zRepública Dominicana
700 1 _aRojas León, Ricardo,
_eprólógo
910 _aVMateo V. Control de calidad. BPMSU
942 _2ddc
_cBK
999 _c15696
_d15696